[Event "9. LGA Premium Cup 2012"]
[Site "Nürnberg"]
[Date "2012.09.07"]
[Round "3.75"]
[White "Bingert, Tim Niklas"]
[Black "Weißbeck, Wolf-Dieter"]
[Result "1-0"]
[WhiteElo "1931"]
[BlackElo "1874"]
[PlyCount "63"]
[EventDate "2012.??.??"]
[WhiteTeam "SK Langen"]
[BlackTeam "SV Alsfeld"]

1. e4 e6 2. d4 d5 3. Nd2 Nf6 4. e5 Nfd7 5. Bd3 c5 6. c3 Nc6 7. Ne2 Qb6 8. Nf3
Be7 9. O-O Nf8 10. a3 c4 11. Bc2 Na5 12. Rb1 Bd7 13. Be3 Rc8 14. Nd2 Ng6 15.
Ng3 Qc6 16. f4 Bh4 17. Nh5 O-O 18. Qg4 Be7 19. Rf3 f5 20. exf6 Bxf6 21. Rh3 e5
22. f5 e4 23. Nxe4 dxe4 24. Bxe4 Qd6 25. Nf4 Nxf4 26. Bxf4 Bxd4+ 27. cxd4 Qxd4+
28. Be3 Qf6 29. Bd5+ Kh8 30. Rxh7+ Kxh7 31. Qh5+ Qh6 32. Bxh6 1-0

[Event "9. LGA Premium Cup 2012"]
[Site "Nürnberg"]
[Date "2012.09.07"]
[Round "3.76"]
[White "Radziwill, Gerrit"]
[Black "Adler, Herbert"]
[Result "1-0"]
[WhiteElo "1841"]
[BlackElo "2011"]
[PlyCount "161"]
[EventDate "2012.??.??"]
[WhiteTeam "Schach-Union München e.V."]
[BlackTeam "SG Büchenbach/Roth e.V."]

1. e4 e6 2. d4 d5 3. Nc3 Bb4 4. e5 c5 5. a3 Bxc3+ 6. bxc3 Ne7 7. Qg4 Qc7 8. Bd2
Nbc6 9. Nf3 Nf5 10. Bd3 Nce7 11. O-O Bd7 12. a4 c4 13. Bxf5 Nxf5 14. Nh4 Nxh4
15. Qxh4 O-O 16. Bg5 Bc6 17. Rfe1 Rae8 18. Re3 f6 19. exf6 Rf7 20. fxg7 Rxg7
21. Bf6 Rg6 22. Rg3 Qf7 23. Re1 Rxg3 24. Qxg3+ Qg6 25. Qe5 Qf5 26. Qg3+ Qg6 27.
Re3 Qxg3 28. Rxg3+ Kf7 29. Be5 Rg8 30. Rf3+ Ke7 31. Rh3 Rf8 32. Rxh7+ Rf7 33.
Rxf7+ Kxf7 34. Bb8 a5 35. Bc7 Kf6 36. f4 Bxa4 37. g4 Bxc2 38. Bxa5 Bd1 39. Bd8+
Kg6 40. h3 b5 41. Be7 Kf7 42. Bd6 Kg6 43. Kf2 Kf6 44. Kg3 Kg6 45. h4 Be2 46.
h5+ Kf6 47. Kh4 Bd3 48. Bb4 Be4 49. Ba5 Bd3 50. Bd8+ Kg7 51. Be7 Kf7 52. Bd6
Kf6 53. Kg3 Kg7 54. Kf2 Bc2 55. Ke2 Bd3+ 56. Ke3 Bc2 57. Be5+ Kh6 58. f5 exf5
59. Bf4+ Kg7 60. g5 Bd1 61. Be5+ Kh7 62. g6+ Kh6 63. g7 Kh7 64. h6 Bh5 65. Kf4
Bf7 66. Kg5 Kg8 67. Kxf5 Bh5 68. Ke6 Bf7+ 69. Ke7 Bg6 70. Kd6 Bf7 71. Kc5 Kh7
72. Bf4 Kg8 73. Kxb5 Bg6 74. Kc5 Be4 75. Kd6 Kh7 76. Ke5 Kg8 77. Kf6 Bd3 78.
Ke5 Be4 79. Bg5 Kf7 80. Bf6 Kg8 81. Ke6 1-0

[Event "9. LGA Premium Cup 2012"]
[Site "Nürnberg"]
[Date "2012.09.07"]
[Round "3.77"]
[White "Süß, Stefan"]
[Black "Millikan, Erlend"]
[Result "0-1"]
[WhiteElo "1971"]
[BlackElo "1731"]
[PlyCount "38"]
[EventDate "2012.??.??"]
[WhiteTeam "SC Noris-Tarrasch Nürnberg 1873"]
[BlackTeam "USA"]

1. e4 e5 2. Nc3 Bb4 3. Bc4 Nf6 4. d3 h6 5. f4 d5 6. fxe5 Bxc3+ 7. bxc3 dxc4 8.
exf6 Qxf6 9. Nf3 cxd3 10. Qxd3 b6 11. O-O Ba6 12. c4 Qxa1 13. Ba3 Qf6 14. Rd1
c5 15. Bb2 Qe7 16. Qc3 Nd7 17. Qxg7 O-O-O 18. Qg4 Rhg8 19. Qf4 Bb7 0-1

[Event "9. LGA Premium Cup 2012"]
[Site "Nürnberg"]
[Date "2012.09.07"]
[Round "3.78"]
[White "Straschewski, Jörg"]
[Black "Felser, Martin"]
[Result "1-0"]
[WhiteElo "2008"]
[BlackElo "1869"]
[PlyCount "155"]
[EventDate "2012.??.??"]
[WhiteTeam "TSV Cadolzburg e.V."]
[BlackTeam "SK Marktoberdorf"]

1. d4 Nf6 2. c4 e6 3. Nc3 b6 4. e4 Bb4 5. Bd3 Bb7 6. f3 d6 7. Qa4+ Nc6 8. d5
Bxc3+ 9. bxc3 Qd7 10. dxc6 Bxc6 11. Qc2 e5 12. Ne2 h6 13. Ng3 Ba4 14. Qe2 O-O-O
15. Nf5 Rdg8 16. Bc2 Bc6 17. Be3 g5 18. a4 a5 19. c5 dxc5 20. Qc4 Ne8 21. Rd1
Nd6 22. Nxd6+ cxd6 23. Bb3 Rf8 24. O-O b5 25. axb5 Bxb5 26. Qd5 Bxf1 27. Qa8+
Kc7 28. Qxa5+ Kc8 29. Kxf1 Qc7 30. Qa6+ Kd7 31. Ba4+ Ke7 32. Qc4 Rb8 33. g3 Rb6
34. Qd5 Rhb8 35. c4 Rb1 36. Bb5 Rxd1+ 37. Qxd1 Ra8 38. f4 Ra3 39. Bc1 Ra1 40.
fxe5 dxe5 41. Bxg5+ hxg5 42. Qxa1 Qd6 43. Qa7+ Kf8 44. Qa8+ Kg7 45. Qd5 Qf6+
46. Ke1 Qe7 47. Kd2 g4 48. Kc3 Qf6 49. Bd7 Qf3+ 50. Qd3 Qf2 51. Bxg4 Qxh2 52.
Bf5 Qg1 53. g4 Qc1+ 54. Kb3 Qe1 55. Qc3 Qd1+ 56. Ka3 Qd6 57. Kb3 Qd1+ 58. Qc2
Qd6 59. Qc1 Qb6+ 60. Kc3 Qb4+ 61. Kd3 Qb3+ 62. Ke2 Qa2+ 63. Kf3 Qb3+ 64. Kg2
Qa2+ 65. Kh3 Qb3+ 66. Kh4 Qf3 67. Qg5+ Kf8 68. Qd2 Kg7 69. Qh2 f6 70. Qd2 Qh1+
71. Kg3 Qg1+ 72. Kf3 Qf1+ 73. Ke3 Qf4+ 74. Kd3 Qf1+ 75. Kc3 Qa1+ 76. Kb3 Qb1+
77. Ka4 Qa1+ 78. Kb5 1-0

[Event "9. LGA Premium Cup 2012"]
[Site "Nürnberg"]
[Date "2012.09.07"]
[Round "3.79"]
[White "Osmanovic, Faruk"]
[Black "Heinz, Friedrich"]
[Result "1-0"]
[WhiteElo "2006"]
[BlackElo "1838"]
[PlyCount "53"]
[EventDate "2012.??.??"]
[WhiteTeam "SC Blauer Turm Bad Wimpfen"]
[BlackTeam "SV Alsfeld"]

1. e4 c5 2. Nf3 Nc6 3. d4 cxd4 4. Nxd4 g6 5. Nc3 Bg7 6. Be3 Nf6 7. Be2 O-O 8.
O-O b6 9. Qd2 Bb7 10. f3 d6 11. Nxc6 Bxc6 12. Bd4 Qd7 13. Rfd1 Rfd8 14. Bc4 b5
15. Bb3 e6 16. Qg5 h6 17. Qh4 e5 18. Bxe5 g5 19. Qe1 Qe7 20. Bd4 Rd7 21. Ne2 a5
22. a3 a4 23. Ba2 Re8 24. Ng3 Qd8 25. Nf5 Kh7 26. Qc3 Rc7 27. Bb6 1-0

[Event "9. LGA Premium Cup 2012"]
[Site "Nürnberg"]
[Date "2012.09.07"]
[Round "3.80"]
[White "Wiesgickl, Gerhard"]
[Black "Pfadenhauer, Tobias"]
[Result "1/2-1/2"]
[WhiteElo "2006"]
[BlackElo "1801"]
[PlyCount "51"]
[EventDate "2012.??.??"]
[WhiteTeam "SG Siemens Amberg"]
[BlackTeam "Kronacher SK 1882 e.V."]

1. Nf3 e6 2. b3 b6 3. Bb2 Bb7 4. e3 f5 5. d4 Nf6 6. c4 Be7 7. Be2 O-O 8. O-O
Ne4 9. Nbd2 d6 10. Qc2 Nd7 11. Rac1 Ndf6 12. a3 Qe8 13. d5 e5 14. Nxe4 fxe4 15.
Ng5 Qg6 16. Ne6 Rfc8 17. f4 exf3 18. Qxg6 hxg6 19. Rxf3 Nxd5 20. Rg3 Nf6 21.
Bd3 Be4 22. Bxe4 Nxe4 23. Rg4 Nf6 24. Rg3 Ne4 25. Rg4 Nf6 26. Rg3 1/2-1/2

[Event "9. LGA Premium Cup 2012"]
[Site "Nürnberg"]
[Date "2012.09.07"]
[Round "3.81"]
[White "Siegl, Melina"]
[Black "Hartmann, Thomas"]
[Result "0-1"]
[WhiteElo "1788"]
[BlackElo "2005"]
[PlyCount "72"]
[EventDate "2012.??.??"]
[WhiteTeam "SW Nürnberg Süd e.V."]
[BlackTeam "SC Weisse Dame Ulm e.V."]

1. e4 d5 2. exd5 Nf6 3. d4 Bg4 4. Be2 Bxe2 5. Nxe2 Qxd5 6. O-O Nc6 7. c4 Qxc4
8. b3 Qd5 9. Nbc3 Qh5 10. Qd3 O-O-O 11. Bb2 e5 12. d5 Nb4 13. Qc4 Nbxd5 14.
Nxd5 Nxd5 15. Ng3 Qg5 16. Rfd1 c6 17. Rac1 Be7 18. a4 Qf4 19. Qe2 f6 20. Rc4
Qg5 21. Rg4 Nf4 22. Rxd8+ Rxd8 23. Qf3 Rd3 24. Rxg5 Rxf3 25. gxf3 Nh3+ 26. Kg2
Nxg5 27. Nf5 Bf8 28. Bc3 Kd7 29. Ne3 Ne6 30. b4 Nf4+ 31. Kf1 Nd5 32. Nxd5 cxd5
33. Ke2 Kc6 34. Kd3 d4 35. Bd2 Kd5 36. b5 f5 0-1

[Event "9. LGA Premium Cup 2012"]
[Site "Nürnberg"]
[Date "2012.09.07"]
[Round "3.82"]
[White "Matuschek, Thomas"]
[Black "Süß, Helmut"]
[Result "1/2-1/2"]
[WhiteElo "1782"]
[BlackElo "1995"]
[PlyCount "59"]
[EventDate "2012.??.??"]
[WhiteTeam "SG Siemens Amberg"]
[BlackTeam "SC Noris-Tarrasch Nürnberg 1873"]

1. Nf3 g6 2. e3 Bg7 3. d4 d5 4. Be2 Nf6 5. Nbd2 O-O 6. O-O Nbd7 7. b3 Re8 8.
Bb2 c6 9. c4 a6 10. c5 h6 11. a4 a5 12. Qc2 Qc7 13. h3 Nh7 14. Bd3 Nhf8 15. e4
dxe4 16. Nxe4 Nf6 17. Nxf6+ exf6 18. Rfe1 Bd7 19. Rad1 Rxe1+ 20. Rxe1 Re8 21.
Rxe8 Bxe8 22. Bc4 Bd7 23. Bc3 Be6 24. Bxe6 Nxe6 25. Qd2 b6 26. b4 axb4 27. cxb6
Qxb6 28. Bxb4 f5 29. a5 Qb5 30. Bc3 1/2-1/2

[Event "9. LGA Premium Cup 2012"]
[Site "Nürnberg"]
[Date "2012.09.07"]
[Round "3.83"]
[White "Babichev, Vyacheslav"]
[Black "Berger, Stefan"]
[Result "0-1"]
[WhiteElo "1775"]
[BlackElo "1988"]
[PlyCount "74"]
[EventDate "2012.??.??"]
[WhiteTeam "SW Nürnberg Süd e.V."]
[BlackTeam "SUI"]

1. b3 Nf6 2. Bb2 g6 3. Bxf6 exf6 4. c4 Bg7 5. Nc3 b6 6. e3 Bb7 7. Nf3 Na6 8.
Be2 Nc5 9. Qc2 f5 10. Rd1 O-O 11. d3 Re8 12. O-O f4 13. b4 Ne6 14. e4 g5 15. h3
a5 16. a3 h5 17. d4 g4 18. hxg4 hxg4 19. Ne5 Nxd4 20. Rxd4 Bxe5 21. Rfd1 g3 22.
Rxd7 Qh4 23. fxg3 fxg3 24. Bf3 axb4 25. axb4 Ra3 26. R7d3 Rea8 27. Qd2 Kg7 28.
Ne2 Ra2 29. Qe3 Rh8 30. Kf1 Qf6 31. R3d2 Rh1+ 32. Ng1 Bf4 33. Qe1 Rxd2 34. Rxd2
Bxd2 35. Qxd2 Bxe4 36. Ke2 Bg6 37. Nh3 Qe5+ 0-1

[Event "9. LGA Premium Cup 2012"]
[Site "Nürnberg"]
[Date "2012.09.07"]
[Round "3.84"]
[White "Nöckler, Alexander"]
[Black "Balhar, Michael"]
[Result "1-0"]
[WhiteElo "1975"]
[BlackElo "1750"]
[PlyCount "93"]
[EventDate "2012.??.??"]
[WhiteTeam "Schachklub Weiden 1907"]
[BlackTeam "SC Erlangen 48/88 e.V."]

1. c4 e5 2. Nc3 g6 3. Nf3 Bg7 4. d4 exd4 5. Nxd4 d6 6. g3 Bd7 7. Bg2 Nc6 8. e3
Nf6 9. O-O O-O 10. h3 Nxd4 11. exd4 c6 12. Be3 d5 13. cxd5 cxd5 14. Qd2 Re8 15.
Bg5 Be6 16. Qf4 Nh5 17. Qh4 Bf6 18. Bxf6 Qxf6 19. Qxf6 Nxf6 20. Nb5 Re7 21.
Rac1 Ne8 22. Rfe1 Kf8 23. Re3 a6 24. Nc3 Rc7 25. Rce1 Nf6 26. g4 h6 27. f4 Rc4
28. f5 gxf5 29. gxf5 Bd7 30. Nxd5 Nxd5 31. Bxd5 Rxd4 32. Bxb7 Rb8 33. Bxa6 Rxb2
34. R1e2 Rdd2 35. Rxd2 Rxd2 36. Bc4 Bxf5 37. a4 Rd4 38. Bb5 Rb4 39. Bc6 Bc8 40.
Re8+ Kg7 41. Rxc8 Kf6 42. Bb5 Ke5 43. Rc1 Rb3 44. Ra1 Rxh3 45. a5 Rg3+ 46. Kh2
Rg7 47. a6 1-0

[Event "9. LGA Premium Cup 2012"]
[Site "Nürnberg"]
[Date "2012.09.07"]
[Round "3.85"]
[White "Heppert, Lars"]
[Black "Diener, Carolin Valeria"]
[Result "1/2-1/2"]
[WhiteElo "1956"]
[BlackElo "1710"]
[PlyCount "93"]
[EventDate "2012.??.??"]
[WhiteTeam "SV Haunwöhr SAbt"]
[BlackTeam "Sfr.1891 Friedberg"]

1. c4 e6 2. g3 d5 3. Nf3 Nf6 4. Bg2 Be7 5. O-O O-O 6. d4 Nbd7 7. b3 b6 8. Qc2
Bb7 9. Bb2 c5 10. Ne5 Rc8 11. Nxd7 Qxd7 12. Rd1 Qc7 13. dxc5 Qxc5 14. Nc3 Qc7
15. Nb5 Qb8 16. f4 Ng4 17. Bd4 Bc5 18. Bxc5 Rxc5 19. Qd3 dxc4 20. bxc4 Bxg2 21.
Kxg2 Qa8+ 22. Kg1 Nf6 23. a4 a6 24. Na3 h6 25. Rab1 Qb7 26. Rb2 Rb8 27. Rdb1
Qc7 28. e4 Rc6 29. e5 Nd7 30. Qd1 Nc5 31. Nb5 Qd8 32. Rd2 Qe7 33. Nd6 Kh8 34.
a5 Qc7 35. Rdb2 Kg8 36. Kg2 Nd7 37. Qf3 Rc5 38. Qh5 Qxd6 39. exd6 Rxh5 40. axb6
Rc5 41. b7 Rxc4 42. Rd2 f6 43. Kf3 Kf7 44. g4 Ke8 45. f5 e5 46. Rd5 Nc5 47. Rb6
1/2-1/2

[Event "9. LGA Premium Cup 2012"]
[Site "Nürnberg"]
[Date "2012.09.07"]
[Round "3.86"]
[White "Reichel, Günther"]
[Black "Lais, Thomas"]
[Result "0-1"]
[WhiteElo "1730"]
[BlackElo "1956"]
[PlyCount "46"]
[EventDate "2012.??.??"]
[WhiteTeam "SC-SF 1957 Stockstadt"]
[BlackTeam "SW Nürnberg Süd e.V."]

1. b3 e5 2. Bb2 d6 3. c4 Nf6 4. g3 Be7 5. Bg2 O-O 6. Nc3 Nc6 7. d3 Be6 8. Nf3
Qd7 9. O-O Nd4 10. Nxd4 exd4 11. Ne4 c5 12. Re1 Ng4 13. Qd2 h6 14. Qc2 f5 15.
Nd2 f4 16. Nf3 fxg3 17. hxg3 Rf7 18. Bc1 Raf8 19. Qd1 g5 20. Rf1 Rf6 21. Rb1
Qe8 22. Bh3 Qh5 23. Kg2 Ne3+ 0-1

[Event "9. LGA Premium Cup 2012"]
[Site "Nürnberg"]
[Date "2012.09.07"]
[Round "3.87"]
[White "Siegl, Adrian"]
[Black "Renner, Gabriele"]
[Result "1/2-1/2"]
[WhiteElo "1697"]
[BlackElo "1946"]
[PlyCount "46"]
[EventDate "2012.??.??"]
[WhiteTeam "SW Nürnberg Süd e.V."]
[BlackTeam "FC Bayern München e.V."]

1. e4 c6 2. d4 d5 3. Nc3 dxe4 4. Nxe4 Nd7 5. Nf3 Ngf6 6. Nc3 Nb6 7. h3 Bf5 8.
Nh4 Bg6 9. Nxg6 hxg6 10. Be2 e6 11. a3 Be7 12. Bg5 Nbd5 13. Nxd5 Qxd5 14. h4
Rd8 15. c3 Ne4 16. Bxe7 Kxe7 17. Bf3 Qf5 18. Qd3 Nd6 19. Qxf5 Nxf5 20. g3 Kf6
21. O-O-O a6 22. Rde1 Rde8 23. Re5 Rd8 1/2-1/2

[Event "9. LGA Premium Cup 2012"]
[Site "Nürnberg"]
[Date "2012.09.07"]
[Round "4.1"]
[White "Romanov, Evgeny"]
[Black "Grimberg, Boris"]
[Result "1-0"]
[WhiteElo "2590"]
[BlackElo "2365"]
[PlyCount "78"]
[EventDate "2012.??.??"]
[WhiteTeam "Sportfreunde Katernberg 1913 e.V"]
[BlackTeam "SAbt TSV Haunstetten"]
[TimeControl "6000+915"]

1. e4 c5 2. b3 Nc6 3. Bb2 d6 4. f4 Nf6 5. Nc3 a6 6. Qf3 Nb4 7. Qd1 e5 8. fxe5
dxe5 9. Nf3 Nc6 10. Bc4 Bd6 11. Qe2 Nd4 12. Qd3 O-O 13. O-O b5 14. Bd5 Nxd5 15.
Nxd5 Be6 16. c4 Bxd5 17. exd5 Rb8 18. Bxd4 exd4 19. Rae1 h6 20. Re4 Qd7 21.
Rfe1 Rfe8 22. Rxe8+ Rxe8 23. Rxe8+ Qxe8 24. Qf5 b4 25. Kf2 Qd8 26. h3 g6 27.
Qe4 Kg7 28. g4 Qf6 29. h4 g5 30. h5 Bf4 31. Ke2 Bd6 32. Ne1 Qd8 33. Nd3 a5 34.
Qf5 Qe8+ 35. Kd1 a4 36. Nf2 axb3 37. axb3 Qe7 38. Ne4 Bf4 39. Ke2 Bd6 1-0

[Event "9. LGA Premium Cup 2012"]
[Site "Nürnberg"]
[Date "2012.09.07"]
[Round "4.2"]
[White "Graf, Felix"]
[Black "Baramidze, David"]
[Result "1/2-1/2"]
[WhiteElo "2449"]
[BlackElo "2606"]
[PlyCount "114"]
[EventDate "2012.??.??"]
[WhiteTeam "FC Bayern München e.V."]
[BlackTeam "SV Hockenheim"]
[TimeControl "6000+1645"]

1. d4 Nf6 2. c4 e6 3. Nf3 d5 4. Nc3 Be7 5. Bg5 h6 6. Bxf6 Bxf6 7. e3 c6 8. cxd5
cxd5 9. Be2 Nc6 10. O-O O-O 11. Rc1 Be7 12. Na4 Bd6 13. Nc5 Ne7 14. Rc3 b6 15.
Na6 Bd7 16. Qb3 Rc8 17. Rfc1 Rxc3 18. Rxc3 f6 19. Bb5 Qe8 20. a4 Bxb5 21. Qxb5
Qxb5 22. axb5 Kf7 23. Ne1 Ke8 24. Nc2 Kd7 25. Nab4 Bxb4 26. Nxb4 Rc8 27. Rxc8
Nxc8 28. Na2 Nd6 29. Nc3 Nc4 30. Nd1 Nd6 31. Nc3 Nc4 32. Nd1 h5 33. Kf1 Nd6 34.
Nc3 Nc4 35. Nd1 e5 36. Ke2 exd4 37. exd4 Ke6 38. Kd3 g5 39. f3 f5 40. g3 g4 41.
f4 Nd6 42. Nc3 Nc4 43. Nd1 Nd6 44. Nc3 Ne8 45. Ke3 Nc7 46. Kd3 Kf7 47. Ke3 Kf6
48. Ke2 Ke7 49. Kd3 Kd7 50. Kc2 Kd6 51. Kd3 Ne6 52. Nd1 Nf8 53. Ne3 Ke6 54. Ke2
Ng6 55. Ng2 Nh8 56. Ne3 Nf7 57. Nd1 Nd6 1/2-1/2

[Event "9. LGA Premium Cup 2012"]
[Site "Nürnberg"]
[Date "2012.09.07"]
[Round "4.3"]
[White "Renner, Christoph"]
[Black "Hector, Jonny"]
[Result "1-0"]
[WhiteElo "2452"]
[BlackElo "2537"]
[PlyCount "79"]
[EventDate "2012.??.??"]
[WhiteTeam "FC Bayern München e.V."]
[BlackTeam "Schachklub Turm Emsdetten e.V."]
[TimeControl "6000+1705"]

1. Nf3 d5 2. g3 Nc6 3. d4 Bg4 4. Bg2 e6 5. O-O Be7 6. c4 Bf6 7. e3 Nge7 8. Nbd2
h6 9. h3 Bf5 10. Re1 O-O 11. a3 Bh7 12. b4 e5 13. cxd5 Nxd5 14. e4 Nc3 15. Qb3
exd4 16. e5 Be7 17. Bb2 a6 18. Nxd4 Nxd4 19. Qxc3 Nc2 20. Bxb7 Rb8 21. Bxa6 c5
22. b5 Qd5 23. Nc4 Qe6 24. Kh2 Bf5 25. Ne3 Nxa1 26. Bxa1 Bxh3 27. a4 Bf5 28. a5
Be4 29. b6 Qg6 30. Ng2 Rfd8 31. Nf4 Qh7 32. Bf1 g5 33. Nh5 Qf5 34. Kg1 Bf3 35.
e6 Rd4 36. exf7+ Kxf7 37. Nf4 Bd5 38. Rxe7+ Kxe7 39. Qxc5+ Ke8 40. Bb5+ 1-0

[Event "9. LGA Premium Cup 2012"]
[Site "Nürnberg"]
[Date "2012.09.07"]
[Round "4.4"]
[White "Wagner, Dennis"]
[Black "Farago, Ivan"]
[Result "1-0"]
[WhiteElo "2445"]
[BlackElo "2486"]
[PlyCount "77"]
[EventDate "2012.??.??"]
[WhiteTeam "SV Hockenheim"]
[BlackTeam "SV Griesheim(DA)"]
[TimeControl "6000+1440"]

1. d4 Nf6 2. c4 e6 3. g3 d5 4. Nf3 dxc4 5. Bg2 Nc6 6. Qa4 Bb4+ 7. Bd2 Bd6 8.
Na3 Ne4 9. Nxc4 Nxd2 10. Nfxd2 Bd7 11. e3 O-O 12. Qb3 Rb8 13. O-O b5 14. Nxd6
cxd6 15. d5 Ne5 16. Qb4 Qb6 17. dxe6 Bxe6 18. Ne4 d5 19. Ng5 h6 20. Nf3 a5 21.
Qc3 Nc6 22. a3 Rbc8 23. Rac1 Rfd8 24. Qc5 Qa6 25. Nd4 Nxd4 26. Qxd4 Rc4 27.
Rxc4 bxc4 28. e4 Bg4 29. exd5 Be2 30. Re1 Bd3 31. Re7 a4 32. Qe5 Qb5 33. h4 Rb8
34. h5 Rf8 35. Bh3 Qc5 36. Rc7 Qb6 37. Be6 Qb8 38. d6 c3 39. Qxc3 1-0

[Event "9. LGA Premium Cup 2012"]
[Site "Nürnberg"]
[Date "2012.09.07"]
[Round "4.5"]
[White "Mainka, Romuald"]
[Black "Nyzhnyk, Illya"]
[Result "0-1"]
[WhiteElo "2457"]
[BlackElo "2614"]
[PlyCount "64"]
[EventDate "2012.??.??"]
[WhiteTeam "Schachclub Hansa Dortmund e.V."]
[BlackTeam "Schachgemeinschaft Porz e.V."]
[TimeControl "6000+2355"]

1. e4 c5 2. Nf3 d6 3. Bb5+ Nd7 4. c3 Ngf6 5. Qe2 a6 6. Ba4 b5 7. Bc2 Bb7 8. O-O
c4 9. b3 Qc7 10. bxc4 bxc4 11. Na3 d5 12. e5 Ne4 13. Rb1 Nec5 14. Re1 e6 15.
Nd4 Be7 16. d3 cxd3 17. Bxd3 Nxe5 18. Bc2 Ng6 19. c4 O-O 20. cxd5 Bxd5 21. Nf3
Rab8 22. Rxb8 Rxb8 23. Nc4 Nf4 24. Bxf4 Qxf4 25. Nfe5 g6 26. g3 Qd4 27. Rd1 Qc3
28. h4 Bf6 29. h5 Bg7 30. hxg6 hxg6 31. Bb3 Nxb3 32. axb3 Rxb3 0-1

[Event "9. LGA Premium Cup 2012"]
[Site "Nürnberg"]
[Date "2012.09.07"]
[Round "4.6"]
[White "Epishin, Vladimir"]
[Black "Heinz, Axel"]
[Result "1-0"]
[WhiteElo "2579"]
[BlackElo "2456"]
[PlyCount "157"]
[EventDate "2012.??.??"]
[WhiteTeam "Lübecker SV von 1873"]
[BlackTeam "TSV Bindlach Aktionär-Schachabte"]
[TimeControl "6000+1060"]

1. d4 Nf6 2. c4 e6 3. Nc3 Bb4 4. Bg5 c5 5. d5 Bxc3+ 6. bxc3 d6 7. f3 h6 8. Bh4
e5 9. e4 Nbd7 10. Bd3 Qe7 11. Ne2 Kd8 12. Qd2 Kc7 13. Bf2 Nf8 14. h4 h5 15.
O-O-O Bd7 16. Bc2 b6 17. Kb1 N8h7 18. Ng3 g6 19. Rde1 Rhb8 20. Ka1 a6 21. Nf1
Rb7 22. Rb1 Rab8 23. Ne3 Nf8 24. Qc1 Qd8 25. Qa3 Ra8 26. Rb3 Be8 27. Rhb1 N6d7
28. Nd1 Kb8 29. Nb2 Qc7 30. Na4 Ka7 31. Qc1 Rab8 32. Nb2 Ka8 33. Qh6 b5 34. Ra3
Ra7 35. Nd3 Qd8 36. cxb5 Rxb5 37. Nb2 Qe7 38. Bd3 Rb6 39. Nc4 Rxb1+ 40. Kxb1
Rb7+ 41. Rb3 Rxb3+ 42. axb3 Nb8 43. Na5 Bb5 44. c4 Be8 45. Qg7 Nfd7 46. Kb2 Qf8
47. Qxf8 Nxf8 48. b4 Nbd7 49. Ka3 Ka7 50. g4 Kb6 51. g5 f6 52. gxf6 Nh7 53. Nb3
Nhxf6 54. Bf1 Nh7 55. Bh3 Nhf8 56. Be3 Bf7 57. Kb2 Bg8 58. Kc3 Bf7 59. f4 exf4
60. Bxf4 cxb4+ 61. Kxb4 Kc7 62. c5 Ne5 63. Kc3 g5 64. Bxg5 Nfg6 65. cxd6+ Kxd6
66. Nd4 Bxd5 67. Nf5+ Kc6 68. exd5+ Kxd5 69. Bg2+ Ke6 70. Ng7+ Kf7 71. Nxh5 Ne7
72. Be4 N7g6 73. Bd5+ Kf8 74. Ng3 Nf7 75. Bf6 Nf4 76. Bb3 a5 77. Kd4 Ng6 78.
Nf5 Nf4 79. Be7+ 1-0

[Event "9. LGA Premium Cup 2012"]
[Site "Nürnberg"]
[Date "2012.09.07"]
[Round "4.7"]
[White "Lanka, Zigurds"]
[Black "Danin, Alexandre"]
[Result "0-1"]
[WhiteElo "2417"]
[BlackElo "2568"]
[PlyCount "146"]
[EventDate "2012.??.??"]
[WhiteTeam "TSV Schott Mainz"]
[BlackTeam "Schachclub Tornado Wuppertal 199"]
[TimeControl "6000+1290"]

1. e4 c6 2. d4 d5 3. exd5 cxd5 4. c4 Nf6 5. Nc3 Nc6 6. Bg5 Be6 7. a3 g6 8. Bxf6
exf6 9. c5 Bg7 10. Bb5 O-O 11. Nge2 f5 12. Qa4 Bd7 13. O-O a6 14. Bxc6 bxc6 15.
Kh1 Re8 16. Ng1 Qb8 17. Nxd5 cxd5 18. Qxd7 Bxd4 19. Qxd5 Rd8 20. Qc4 Qxb2 21.
Rac1 Qxa3 22. Nf3 Bf6 23. c6 Rac8 24. Rfe1 Rd6 25. c7 Rd7 26. Qf4 Qd6 27. Qxd6
Rxd6 28. Rc4 Kg7 29. h3 a5 30. g4 fxg4 31. hxg4 h6 32. Rb1 Rd7 33. Rb7 a4 34.
Rxa4 Rdxc7 35. Rxc7 Rxc7 36. Kg2 Rc2 37. Re4 Bd8 38. Nd4 Ra2 39. Kf3 Bb6 40.
Ne2 Rb2 41. Rc4 Ba5 42. Nf4 Rd2 43. Rc6 Bd8 44. Ra6 Bh4 45. Nh3 Rd3+ 46. Kg2
Rd4 47. Kf3 g5 48. Ra5 Rb4 49. Rd5 Ra4 50. Rb5 h5 51. Nxg5 hxg4+ 52. Ke3 f5 53.
Ne6+ Kf6 54. Nc5 Ra3+ 55. Rb3 Bg5+ 56. Ke2 Ra2+ 57. Kf1 Bh4 58. Nd3 Kg5 59. Rb8
Rd2 60. Rd8 Bxf2 61. Rg8+ Kh4 62. Nxf2 Kg3 63. Nxg4 fxg4 64. Ra8 Rd1+ 65. Ke2
Rb1 66. Rg8 Rg1 67. Rg7 Kh2 68. Kf2 g3+ 69. Kf3 Rf1+ 70. Ke2 Rf5 71. Rh7+ Kg1
72. Rg7 g2 73. Re7 Rh5 0-1

[Event "9. LGA Premium Cup 2012"]
[Site "Nürnberg"]
[Date "2012.09.07"]
[Round "4.8"]
[White "Braun, Arik"]
[Black "Zude, Arno"]
[Result "0-1"]
[WhiteElo "2557"]
[BlackElo "2446"]
[PlyCount "190"]
[EventDate "2012.??.??"]
[WhiteTeam "SC Eppingen"]
[BlackTeam "SV 1920 Hofheim"]
[TimeControl "6000+1040"]

1. d4 Nf6 2. c4 e6 3. Nc3 d5 4. cxd5 exd5 5. Bg5 Be7 6. e3 c6 7. Bd3 Nbd7 8.
Nf3 O-O 9. Qc2 Re8 10. h3 Nf8 11. Bf4 Bd6 12. Bxd6 Qxd6 13. O-O-O Be6 14. Kb1
Rac8 15. Rc1 a6 16. g4 N6d7 17. Ng5 g6 18. Na4 f6 19. Nf3 Bf7 20. h4 Kg7 21. h5
g5 22. Nc5 Qc7 23. Bf5 Rcd8 24. Nxd7 Rxd7 25. Bxd7 Qxd7 26. Rhg1 h6 27. Nd2 Bg8
28. Ka1 Bh7 29. Qc3 Ne6 30. Qb4 Qc7 31. Rg3 Nd8 32. Qc5 Nf7 33. a3 Qd7 34. f4
Nd6 35. fxg5 hxg5 36. Rf1 Re6 37. Rgf3 Nf7 38. Qb4 Qc7 39. Nb3 b6 40. Qe1 Bd3
41. Rg1 Be4 42. Rfg3 Nd6 43. Nd2 a5 44. Qf2 Bh7 45. Rf3 Qe7 46. h6+ Kf7 47. Rc1
Qd7 48. Rf1 Qe7 49. Ka2 a4 50. Qh2 Kg8 51. Rc1 Qb7 52. Nf1 Ne4 53. Ng3 b5 54.
Nxe4 Bxe4 55. Rf2 Kh7 56. Rc3 Bg6 57. Rf1 Be4 58. Rfc1 Bf3 59. Ka1 Be4 60. Rf1
Qb6 61. Rf2 Qb7 62. Rc1 Bd3 63. Rd1 Bg6 64. Rdf1 Qe7 65. Rf3 Be4 66. Rh3 b4 67.
Rc1 bxa3 68. Rc5 Qb7 69. Qd2 Qa6 70. Rc1 Re7 71. Rh2 Rb7 72. Qc3 axb2+ 73. Rxb2
Rxb2 74. Qxb2 Kxh6 75. Qf2 Kg7 76. Rf1 f5 77. Rc1 fxg4 78. Rf1 Bf3 79. Rb1 Qd3
80. Qb2 Qxe3 81. Qb4 g3 82. Re1 Be2 83. Qb7+ Kg6 84. Qxc6+ Kh5 85. Rh1+ Kg4 86.
Qd7+ Kf4 87. Qd6+ Kg4 88. Qd7+ Kf4 89. Qd6+ Kf3 90. Qxd5+ Kf2 91. Qf5+ Qf3 92.
Qxf3+ Bxf3 93. Rc1 g2 94. Rc2+ Ke1 95. Rc1+ Bd1 0-1

[Event "9. LGA Premium Cup 2012"]
[Site "Nürnberg"]
[Date "2012.09.07"]
[Round "4.10"]
[White "Svane, Rasmus"]
[Black "Milov, Leonid"]
[Result "1/2-1/2"]
[WhiteElo "2397"]
[BlackElo "2520"]
[PlyCount "134"]
[EventDate "2012.??.??"]
[WhiteTeam "Hamburger SK von 1830 eV"]
[BlackTeam "SC Noris-Tarrasch Nürnberg 1873"]

1. d4 f5 2. Nf3 Nf6 3. g3 d6 4. Bg2 g6 5. O-O Bg7 6. b3 O-O 7. Bb2 Ne4 8. c4
Nc6 9. Nc3 e5 10. dxe5 Nxc3 11. Bxc3 Qe8 12. Nd4 Nxd4 13. Qxd4 Bxe5 14. Qd2
Bxc3 15. Qxc3 Qe5 16. Qd2 f4 17. Rad1 Kg7 18. Qd4 g5 19. Qxe5+ dxe5 20. Rd5 Kf6
21. Rfd1 Be6 22. Rb5 Rad8 23. Rxd8 Rxd8 24. Bxb7 Rd2 25. h4 g4 26. Kf1 Rxa2 27.
Rc5 Rb2 28. Rxc7 Rxb3 29. Bd5 f3 30. exf3 gxf3 31. Ke1 Bxd5 32. cxd5 a5 33.
Rxh7 a4 34. Ra7 a3 35. d6 e4 36. h5 Rd3 37. d7 Kg5 38. Rxa3 Rxd7 39. Ra5+ Kg4
40. Re5 Kh3 41. h6 Kg2 42. Rxe4 Ra7 43. Rh4 Ra1+ 44. Kd2 Ra2+ 45. Ke3 Ra3+ 46.
Kf4 Ra4+ 47. Ke5 Ra5+ 48. Kd4 Ra4+ 49. Kc3 Ra3+ 50. Kb4 Ra8 51. h7 Kxf2 52. g4
Rh8 53. g5 Kg3 54. g6 f2 55. Rh1 Kg2 56. Ra1 Rb8+ 57. Kc5 Ra8 58. Rxa8 f1=Q 59.
h8=Q Qf5+ 60. Kd4 Qf4+ 61. Kd5 Qf3+ 62. Ke6 Qc6+ 63. Kf5 Qf3+ 64. Ke5 Qe3+ 65.
Kd5 Qf3+ 66. Kc4 Qc6+ 67. Kd4 Qd6+ 1/2-1/2